<?xml version="1.0" encoding="UTF-8"?>
<record
    xmlns:xsi="http://www.w3.org/2001/XMLSchema-instance"
    xsi:schemaLocation="http://www.loc.gov/MARC21/slim http://www.loc.gov/standards/marcxml/schema/MARC21slim.xsd"
    xmlns="http://www.loc.gov/MARC21/slim">

  <leader>00720    a2200217   4500</leader>
  <datafield tag="999" ind1=" " ind2=" ">
    <subfield code="c">171484</subfield>
    <subfield code="d">171484</subfield>
  </datafield>
  <controlfield tag="005">20200114143809.0</controlfield>
  <datafield tag="010" ind1=" " ind2=" ">
    <subfield code="a">ENG-127410-11</subfield>
  </datafield>
  <datafield tag="020" ind1=" " ind2=" ">
    <subfield code="c">999.00(part1)</subfield>
    <subfield code="a">9789384061555</subfield>
  </datafield>
  <datafield tag="020" ind1=" " ind2=" ">
    <subfield code="c">999.00(part2)</subfield>
    <subfield code="a">9789384061555</subfield>
  </datafield>
  <datafield tag="035" ind1=" " ind2=" ">
    <subfield code="a">EN-110942-943</subfield>
  </datafield>
  <datafield tag="037" ind1=" " ind2=" ">
    <subfield code="b">DBAD /  PUB</subfield>
  </datafield>
  <datafield tag="082" ind1="1" ind2="4">
    <subfield code="a">657.0218</subfield>
  </datafield>
  <datafield tag="100" ind1="1" ind2=" ">
    <subfield code="a">Bhave,Rammohan N</subfield>
  </datafield>
  <datafield tag="245" ind1="1" ind2=" ">
    <subfield code="a">IFRS simplified with practical illustration/</subfield>
    <subfield code="c">by Bhave,Rammohan N[and]Anjali R Bhave</subfield>
  </datafield>
  <datafield tag="260" ind1=" " ind2=" ">
    <subfield code="b">TV 18 broadcast</subfield>
    <subfield code="c">2017</subfield>
    <subfield code="a">New Delhi </subfield>
  </datafield>
  <datafield tag="270" ind1=" " ind2=" ">
    <subfield code="a">503, 504 &amp; 507, 5th Floor Mercantile House</subfield>
    <subfield code="a"> Delhi 110001</subfield>
  </datafield>
  <datafield tag="300" ind1=" " ind2=" ">
    <subfield code="a">2 Parts. (435p.;471p.)</subfield>
    <subfield code="c">21cm(hb)</subfield>
  </datafield>
  <datafield tag="505" ind1=" " ind2=" ">
    <subfield code="a">Part1,Part2</subfield>
  </datafield>
  <datafield tag="700" ind1=" " ind2=" ">
    <subfield code="a">Bhave,Anjali R</subfield>
  </datafield>
  <datafield tag="942" ind1=" " ind2=" ">
    <subfield code="a">dpl</subfield>
    <subfield code="c">EN</subfield>
    <subfield code="2">ddc</subfield>
    <subfield code="h">657.0218</subfield>
    <subfield code="m">BHA</subfield>
  </datafield>
  <datafield tag="952" ind1=" " ind2=" ">
    <subfield code="0">0</subfield>
    <subfield code="1">0</subfield>
    <subfield code="3">Part1</subfield>
    <subfield code="4">0</subfield>
    <subfield code="7">0</subfield>
    <subfield code="8">NFIC</subfield>
    <subfield code="a">L</subfield>
    <subfield code="b">L</subfield>
    <subfield code="d">2020-01-14</subfield>
    <subfield code="e">DBAD/PUB</subfield>
    <subfield code="g">999.00</subfield>
    <subfield code="l">8</subfield>
    <subfield code="m">12</subfield>
    <subfield code="o">657.0218 BHA</subfield>
    <subfield code="p">EN-110942</subfield>
    <subfield code="r">2024-10-05 00:00:00</subfield>
    <subfield code="s">2024-08-24</subfield>
    <subfield code="t">1</subfield>
    <subfield code="v">999.00</subfield>
    <subfield code="y">EN</subfield>
  </datafield>
  <datafield tag="952" ind1=" " ind2=" ">
    <subfield code="0">0</subfield>
    <subfield code="1">0</subfield>
    <subfield code="3">Part2</subfield>
    <subfield code="4">0</subfield>
    <subfield code="7">0</subfield>
    <subfield code="8">NFIC</subfield>
    <subfield code="a">L</subfield>
    <subfield code="b">L</subfield>
    <subfield code="d">2020-01-14</subfield>
    <subfield code="e">DBAD/PUB</subfield>
    <subfield code="g">999.00</subfield>
    <subfield code="l">6</subfield>
    <subfield code="m">9</subfield>
    <subfield code="o">657.0218 BHA</subfield>
    <subfield code="p">EN-110943</subfield>
    <subfield code="r">2024-10-05 00:00:00</subfield>
    <subfield code="s">2024-08-24</subfield>
    <subfield code="t">1</subfield>
    <subfield code="v">999.00</subfield>
    <subfield code="y">EN</subfield>
  </datafield>
</record>
